[Event "Olot Volcans op 3rd"]
[Site "Olot"]
[Date "2012.06.16"]
[Round "7"]
[White "Blanch Chadli, Jacint"]
[Black "Cano Egea, Joan Manuel"]
[Result "0-1"]
[WhiteElo "1818"]
[BlackElo "1861"]
[PlyCount "80"]
[EventDate "2012.05.26"]
[EventType "swiss"]
[EventRounds "8"]
[EventCountry "ESP"]
[SourceTitle "CBM 148 Extra"]
[Source "ChessBase"]
[SourceDate "2012.06.22"]
[SourceVersion "1"]
[SourceVersionDate "2012.06.22"]
[SourceQuality "1"]

1. e4 e5 2. Nf3 Nc6 3. Nc3 d6 4. Bb5 Be7 5. d3 Nf6 6. Bg5 Bd7 7. 0-0 0-0 8. Re1 a6 9. Ba4 b5 10. Bb3 Na5 11. Bd5 Nxd5 12. Bxe7 Nxe7 13. Qd2 Nac6 14. Qe3 f5 15. d4 exd4 16. Nxd4 Nxd4 17. Qxd4 fxe4 18. Qxe4 Ng6 19. Qd5+ Kh8 20. Re3 Qf6 21. Rf3 Qe5 22. Rxf8+ Rxf8 23. Rd1 Qxd5 24. Nxd5 c6 25. Nb6 Bf5 26. Rxd6 Bxc2 27. Rxc6 Bf5 28. h3 h6 29. g4 Be4 30. Re6 Bb1 31. Nd7 Rd8 32. Ne5 Nxe5 33. Rxe5 Bxa2 34. Rc5 Rd2 35. Rc6 Rxb2 36. Rxa6 b4 37. Kf1 b3 38. Ke1 Rc2 39. Kd1 b2 40. Kxc2 b1Q+ 0-1

[Event "Olot Volcans op 3rd"]
[Site "Olot"]
[Date "2012.06.02"]
[Round "4"]
[White "Arribas Viera, David"]
[Black "Blanch Chadli, Jacint"]
[Result "0-1"]
[WhiteElo "1753"]
[BlackElo "1818"]
[PlyCount "110"]
[EventDate "2012.05.26"]
[EventType "swiss"]
[EventRounds "8"]
[EventCountry "ESP"]
[SourceTitle "CBM 148 Extra"]
[Source "ChessBase"]
[SourceDate "2012.06.22"]
[SourceVersion "1"]
[SourceVersionDate "2012.06.22"]
[SourceQuality "1"]

1. d4 d5 2. Nf3 Nf6 3. Bf4 Bg4 4. h3 Bh5 5. e3 e6 6. c4 Bb4+ 7. Nc3 Ne4 8. Qb3 Bxc3+ 9. bxc3 b6 10. Ne5 0-0 11. Be2 Bxe2 12. Kxe2 Qh4 13. Raf1 Qd8 14. f3 Nf6 15. cxd5 Qxd5 16. e4 Qxb3 17. axb3 Rd8 18. Nc4 c5 19. Ke3 cxd4+ 20. cxd4 Nc6 21. Bg5 Nxd4 22. e5 h6 23. Bxf6 gxf6 24. Rb1 Nf5+ 25. Kf2 fxe5 26. Nxe5 Rd2+ 27. Kg1 Rad8 28. Kh2 Rc8 29. Rbd1 Rcd8 30. Rxd2 Rxd2 31. Ng4 Kg7 32. Ra1 a5 33. Ne5 Nh4 34. Kg3 Nf5+ 35. Kh2 Rb2 36. Ra3 Nd4 37. Nc4 Rxb3 38. Rxb3 Nxb3 39. Nxb6 Kf6 40. Kg3 Kf5 41. Kh4 Kf4 42. Na4 e5 43. Nb2 Nc5 44. Kh5 Kg3 45. Kxh6 Kxg2 46. h4 Kxf3 47. h5 e4 48. Nc4 e3 49. Nxe3 Kxe3 50. Kg7 a4 51. Kxf7 a3 52. h6 a2 53. h7 a1Q 54. Kg8 Qa8+ 55. Kf7 Ne6 0-1

[Event "Catalunya-ch U10"]
[Site "Vilaseca"]
[Date "2011.04.18"]
[Round "4.3"]
[White "Blanch Chadli, Jacint"]
[Black "Castillo Dalmau, Albert"]
[Result "0-1"]
[WhiteElo "1700"]
[BlackElo "1864"]
[PlyCount "82"]
[EventDate "2011.04.16"]
[EventType "swiss"]
[EventRounds "8"]
[EventCountry "ESP"]
[SourceTitle "EXT 2024"]
[Source "ChessBase"]
[SourceDate "2023.10.10"]
[SourceVersion "1"]
[SourceVersionDate "2023.10.10"]
[SourceQuality "1"]

1. e4 c6 2. Nf3 d5 3. exd5 cxd5 4. Be2 Nf6 5. 0-0 Bf5 6. Bb5+ Bd7 7. Bxd7+ Qxd7 8. d4 e6 9. Bg5 Be7 10. Nc3 0-0 11. Qd3 a6 12. h3 Nc6 13. Ne5 Qc7 14. Bf4 Bd6 15. Rfe1 Nd7 16. Nxd7 Qxd7 17. Bxd6 Qxd6 18. Ne2 b5 19. b3 Rac8 20. c4 bxc4 21. bxc4 Nb4 22. Qc3 Rxc4 23. Qb3 Nc2 24. Rac1 Nxe1 25. Rxc4 dxc4 26. Qxc4 a5 27. Qc3 Qb4 28. Qa1 Nd3 29. a3 Qe1+ 30. Qxe1 Nxe1 31. Kf1 Nc2 32. a4 Rd8 33. f4 Nxd4 34. Nc1 Nc6 35. Nb3 Kf8 36. Nc5 Ke7 37. g4 f5 38. g5 g6 39. Kg2 Rd5 40. Nb7 Rd4 41. Nc5 Rxf4 0-1